000 00752nam a2200241Ia 4500
008 160803s9999 xx 000 0 und d
020 _a978-0439560504
100 _aCapecci, Anne
245 _aFood chain frenzy /
245 _cwritten by Anne Capeci ; illustrations by John Speirs.
260 _aNew York :
260 _bScholastic Inc.
260 _c2003
300 _a91 pages :
300 _billustrations ;
300 _c20 cm.
440 _aThe Magic school bus : a science chapter book ;
440 _v#17
500 _a"Based on The Magic School Bus books written by Joanna Cole and illustrated by Bruce Degen."--Title page verso.
650 _aFood chains (Ecology) --
650 _xJuvenile fiction.
700 _a610
999 _c298517
_d298517